000 00826nam a22002411 4500
999 _c128945
_d128945
001 4056530
003 ARRUPE
005 20190208114442.0
008 850424s1957 ilua b 000 0 eng
010 _a 57014053
040 _aDLC/ICU
_cICU
_dDLC
050 0 0 _aSPC. QE882.P7
_bC6 1958
082 0 0 _a569.8
100 1 _aClark, Wilfrid E. Le Gros
_q(Wilfrid Edward Le Gros),
_d1895-1971.
_944524
245 1 0 _aHistory of the primates;
_ban introduction to the study of fossil man.
260 _a[Chicago]
_bUniversity of Chicago Press
_c[1957]
300 _a186 p.
_billus.
_c21 cm.
490 0 _aPhoenix books,
_vP21
504 _aIncludes bibliographies.
650 0 _aPrimates
_xEvolution.
_943792
906 _a7
_bcbc
_corignew
_du
_eocip
_f19
_gy-gencatlg
942 _2lcc
_cSPC